Golf ako príležitosť pre rozvoj cestovného ruchu
Golfový cestovný ruch ako súčasť športového cestovného ruchu. Golfový cestovný ruch z hľadiska dopytu a ponuky. Faktory ovplyvňujúce výber golfového strediska. Golfový cestovný ruch v Slovenskej republike a Českej republike. Významné golfové strediská v SR a ČR. Ceny vo vybraných golfových strediská...
Enregistré dans:
| Auteur principal: | |
|---|---|
| Format: | Chapitre de livre |
| Langue: | slovaque |
| Sujets: | |
| Tags: |
Pas de tags, Soyez le premier à ajouter un tag!
|
MARC
| LEADER | 00000naa a2200000 4500 | ||
|---|---|---|---|
| 001 | 0160858 | ||
| 005 | 20231016074357.0 | ||
| 041 | 0 | |a slo | |
| 044 | |a SK | ||
| 245 | 1 | 0 | |a Golf ako príležitosť pre rozvoj cestovného ruchu |c Ivica Linderová |
| 520 | |a Golfový cestovný ruch ako súčasť športového cestovného ruchu. Golfový cestovný ruch z hľadiska dopytu a ponuky. Faktory ovplyvňujúce výber golfového strediska. Golfový cestovný ruch v Slovenskej republike a Českej republike. Významné golfové strediská v SR a ČR. Ceny vo vybraných golfových strediskách. Vývoj počtu registrovaných hráčov golfu v SR v rokoch 2000-2012. | ||
| 610 | 2 | 0 | |a ruch cestovný |
| 610 | 2 | 0 | |a šport |
| 610 | 2 | 0 | |a dopyt |
| 610 | 2 | 0 | |a ponuka |
| 610 | 2 | 0 | |a služby |
| 610 | 2 | 0 | |a kvalita |
| 610 | 2 | 0 | |a ceny |
| 610 | 2 | 0 | |a Slovensko |
| 610 | 2 | 0 | |a Česko |
| 610 | 2 | 0 | |a svet |
| 100 | 1 | |a Linderová, Ivica | |